Návrh vhodného spôsobu valorizácie rastlinného zvyšku pri spracovaní Agave tequilana bakalárska práca

Gespeichert in:
Bibliographische Detailangaben
1. Verfasser: Nadányi, Richard
Format: Buch
Sprache:Slowakisch
Veröffentlicht: Bratislava STU FCHPT 2018
Online-Zugang:Im OPAC anzeigen
Tags: Tag hinzufügen
Keine Tags, Fügen Sie das erste Tag hinzu!

MARC

LEADER 00000nam a2200000 a 4500
005 20260127133958.0
008 181114 2018 xo a 001 0 slo d
035 |a vtls011794236 
039 9 |y 201811141149  |z mschk03 
040 |a STUSCHK1  |b slo  |c STUSCHK1  |e AACR2 
100 1 |a Nadányi, Richard 
245 1 |a Návrh vhodného spôsobu valorizácie rastlinného zvyšku pri spracovaní Agave tequilana  |b bakalárska práca  |c Richard Nadányi 
260 |a Bratislava  |b STU FCHPT  |c 2018 
300 |a 56 s.  |b il.  |c 25 cm 
500 |a Študijný program: chémia, medicínska chémia a chemické materiály 
500 |a Študijný odbor: chemické technológie, chémia 
500 |a Školiace pracovisko: Oddelenie dreva, celulózy a papiera 
500 |a Evid. číslo: FCHPT-13569-81964 
910 |a SCHK95 
999 |c 1380  |d 1380